000 01558cam a2200217 4500
001 ##L131849
008 051213n2005 000 0 eng u
035 _a(Sirsi) u131849
041 0 _aeng
050 0 4 _a711.26 $2 18
110 1 _aUnited Kingdom
_bOffice of the Deputy Prime Minister
245 0 0 _aConsultation on Planning Policy Statement 25
_bdevelopment and flood risk
260 _aLondon
_bODPM
_c2005
520 _aThis consultation seeks views on the draft Planning Policy Statement 25: " Development and flood risk " (PPS25) and the associated new Flooding Direction as well as changes to the Town and Country Planning (General Development Procedure) Order 1995 to make the Environment Agency a statutory consultee for certain types of development at flood risk. It is intended that PPS 25 together with an accompanying Practice Guide should replace Planning Policy Guidance note 25: "Development and flood risk"published in July 2001. The revision of PPG25 focuses on national policy and on providing clarity on what is required at regional and local levels to deliver sustainable planning for development and flood risk. Responses are required by 26 February 2006.
590 _aIKA030106
650 2 4 _aPPG25
650 2 4 _aPLANNING POLICY STATEMENT 25
690 _aENVIRONMENTAL AND LAND CONSULTANCY-PLANNING AND DEVELOPMENT-PLANNING GUIDANCE
856 4 0 _uhttps://www.communities.gov.uk/archived/publications/planningandbuilding/consultationplanning3
_zView the consultation free of charge at www.communities.gov.uk...
942 _n0
999 _c104872
_d104872